000 00859nam a2200253Ia 4500
003 OSt
005 20220930190647.0
006 a|||||r|||| 00| 0
007 ta
008 220926b |||||||| |||| 00| 0 eng d
024 _a1975
037 _cDissertations
040 _aCRL
_cCRL
_beng
041 _2eng
_aeng
100 _aBhutani Ajay Kumar
_9559226
110 _aUniversity of Delhi. Faculty of Medical Sciences. Department of Surgery
245 0 _aClinico-cystometric evaluation of cases of urinary tract infection with unstable bladder-before and after treatment
260 _c1988
650 _aSURGERY
700 _a Dr B S Rana Supervisor
_9559227
700 _aUniversity of Delhi. Faculty of Medical Sciences. Department of Surgery
942 _cDIS
_2CC
999 _c893010
_d893010